| 000 | 00539nam a2200181 4500 | ||
|---|---|---|---|
| 999 |
_c193824 _d193824 |
||
| 005 | 20221117121442.0 | ||
| 010 | _aE.N.A./7.11.22 | ||
| 020 |
_a9789390186662 _c555.00 |
||
| 037 | _bPragati Prakashan | ||
| 100 | _aPrakash, Satya | ||
| 245 |
_aElectricity And Magnetism/ _b( with Numerous Examples) _cSatya Prakash, Akash Saluja, Vijay Saluja |
||
| 260 |
_aMeerut _bPragati _c2021 |
||
| 270 |
_a240,W.K.Road, _bMeerut _e250001 |
||
| 300 |
_a788p _c24cm(pbk) |
||
| 700 | _aSaluja, Akash | ||
| 700 | _aSaluja, vijay | ||
| 942 |
_2ddc _cEN _mPRA |
||